Personnages de Grey's Anatomy - Statistiques

Statistiques générales
  • Ce quiz a été pris 12 244 fois
  • Le résultat moyen est 37 sur 100
Statistiques - réponses
% Correct
1 Meredith Grey
99%
2 Cristina Yang
97%
8 Derek Shepherd
97%
3 Alex Karev
96%
4 George O'malley
95%
5 Izzie Stevens
90%
14 Arizona Robbins
89%
12 Mark Sloan
89%
7 Richard Webber
89%
11 Lexie Grey
88%
10 Callie Torres
87%
16 Owen Hunt
86%
17 April Kepner
84%
18 Jackson Avery
84%
6 Miranda Bailey
84%
20 Amelia Shepherd
82%
22 Jo Wilson
82%
34 Ellis Grey
78%
15 Addison Montgomery
77%
19 Teddy Altman
72%
36 Zola Grey-Shepherd
71%
37 Bailey Grey-Shepherd
70%
9 Preston Burke
69%
27 Maggie Pierce
67%
21 Ben Warren
59%
67 Catherine Avery
58%
28 Andrew Deluca
56%
47 Eli
55%
38 Ellis Grey-Shepherd
55%
23 Stephanie Edwards
54%
66 Adele Webber
45%
13 Erica Hahn
45%
44 Sofia Robbins-Sloan-Torres
43%
64 Denny Duquette
42%
25 Leah Murphy
42%
29 Nathan Riggs
40%
52 Carina Deluca
38%
30 Tom Koracick
38%
32 Atticus Lincoln
36%
31 Levi Schmitt
36%
50 Megan Hunt
34%
24 Shane Ross
33%
35 Thatcher Grey
32%
58 Nico Kim
31%
72 Tuck Jones
30%
26 Heather Brooks
29%
40 Reed Adamson
29%
41 Charles Percy
28%
65 Henry Burton
28%
77 Penelope Blake
27%
89 Rebecca Pope
26%
63 Joe
23%
62 Olivia Harper
22%
56 Sam Bello
21%
71 Tucker Jones
21%
33 Cormac Hayes
19%
95 Leo Hunt
19%
82 Sloan Riley
19%
70 Harriet Kepner-Avery
18%
76 Matthew Taylor
18%
79 Molly Thompson
18%
97 Rose
18%
69 Harper Avery
17%
49 Liz Shepherd
17%
48 Nancy Shepherd
17%
96 Allison Hunt
16%
43 Eliza Minnick
16%
61 Bokhee
15%
84 Finn Dandridge
15%
42 Nicole Herman
15%
45 Lucy Fields
14%
80 Samuel Avery
14%
39 Susan Grey
14%
53 Taryn Helm
13%
85 Doc
12%
59 Paul Stadler
11%
68 Robert Avery
10%
46 Robert Starke
10%
75 Carolyn Shepherd
9%
74 Louise O'Malley
9%
92 Mary Portman
9%
60 Saddie Harris
9%
55 Dahlia Quadri
8%
51 Evelyn Hunt
7%
78 Helen Karev
7%
93 Katie Bryce
7%
90 William Thorpe
7%
73 Carlos Torres
6%
83 Gary Clark
6%
86 Isaac Cross
6%
100 Lauren Boswell
6%
81 Diane Pierce
5%
91 Hannah Davis
5%
54 Vikram Roy
5%
57 Casey Parker
4%
88 Jason Myers
4%
94 Karen Kepner
4%
98 Alana Cahill
3%
99 Craig Thomas
3%
87 Kyle Diaz
3%
Aucun quiz correspondant
Distribution des résultats
% des personnes avec chaque résultat
Percentile par nombre de réponses
Votre historique - résultats
Vous n’avez pas pris ce quiz